| 000 | 00443nam a2200181Ia 4500 | ||
|---|---|---|---|
| 001 | 16815 | ||
| 005 | 20260306170338.0 | ||
| 008 | 260306t2002||||xx |||||||||||||| ||und|| | ||
| 041 | _aESP | ||
| 082 |
_a657 _bZ32 |
||
| 100 |
_aZans Arimana, Walter _eAUT |
||
| 245 | 0 |
_aContabilidad II: _bconcordante con el plan contable general revisado |
|
| 260 | _c2002 | ||
| 300 |
_a _c |
||
| 650 | _aGEN | ||
| 654 | _aCCO | ||
| 942 |
_cLIB _dJUS _fJUS _2ddc _n |
||
| 999 |
_c16815 _d16815 |
||